| 000 | 00564nam a22001577a 4500 | ||
|---|---|---|---|
| 082 | _a621 | ||
| 100 | _aFiaz, Ibrahim | ||
| 245 |
_aMicro-Meso Level 3d Fe Damage Modeling Of Woven CFRP Composite Under Quasi-Static Bending / _cIbrahim Fiaz |
||
| 260 |
_aIslamabad : _bSMME - NUST, _c2016. |
||
| 300 |
_a79 p. ; _c30cm. |
||
| 650 |
_aMechanical Engineering-MS-Thesis _916090 |
||
| 700 |
_aDr. Aamir Mubashar _920986 |
||
| 856 | _uhttp://10.250.8.41:8080/xmlui/handle/123456789/12723 | ||
| 942 |
_2ddc _cTHE |
||
| 999 |
_c541119 _d541119 |
||